Hacia una ciencia crítica de la educación

Uloženo v:
Podrobná bibliografie
Hlavní autor: Carr, Wilfred (Autor)
Médium: Kniha
Jazyk:španělština
Vydáno: Barcelona Laertes 1990
Edice:Pedagogía, 61
Témata:
Tagy: Přidat tag
Žádné tagy, Buďte první, kdo vytvoří štítek k tomuto záznamu!

MARC

LEADER 00000nam a2200000 a 4500
001 UCO7082
003 CL-VaPUC
008 001110e19900000SP |||||||||||||||||spa|d
082 0 4 |a 370.1  |b CAR  |2 21 
100 0 |a Carr, Wilfred  |e author  |9 451741 
245 1 0 |a Hacia una ciencia crítica de la educación 
300 |a 160 p 
942 |c BK 
945 |d 20001110 00:00:00  |a vberengu 
260 |a Barcelona  |b Laertes  |c 1990 
650 0 |a Filosofía de la educación   |9 258384 
650 0 |a Investigación educacional   |9 261192 
650 0 |a Métodos de investigación   |9 262618 
650 0 |a Teoría de la educación   |9 309368 
583 |a last modification  |c 20121104 08:27:11  |k Rodrigo Vera 
490 0 |a Pedagogía, 61 
999 |c 292290  |d 292288 
952 |0 0  |1 0  |4 0  |6 370_100000000000000_CAR_1990  |7 0  |8 A  |9 343063  |a BIBEDU  |b BIBEDU  |d 2019-11-20  |i 3648974  |o 370.1 CAR 1990  |p 3648974  |r 2019-11-20  |w 2019-11-20  |y BK  |k BME